Fragmentos de canciones IV - Estadísticas

Estadísticas generales
  • Esta prueba ha sido intentada 76 veces
  • La puntuación promedio es 7 de 16
Estadísticas de respuestas
Adivina de este fragmento La palabra perdida % Correcto
El ____ de mi casa es particular, cuando llueve se moja como los demás. Patio
97%
Una loba en el armario, tiene ganas de salir (auhhh). Déjala que se coma el barrio antes de irte a ____. Dormir
82%
Hoy me voy al sol porque Dios me llamó desde el downtown. Debo despertar porque no se acalora mi ____, pero me salvé, en la neblina logré ver el alba. Le hice honor a la J en mi nombre y mis valore' me cubren la espalda. Alma
80%
He said "One day you'll leave this ____ behind, so live a life you will remember". My father told me when I was just a child "These are the nights that never die". My father told me. World
75%
Anoche comí pescao, las rastas las tengo aquí. El ____ de mi vecina se viene detrás de mí, sape, sape, fu, fu, fu. Sape, sape, fu, fu, fu. Gato
69%
Eres como el cafelico, que me bebo cuando me ____, piel marrón, ojos negros. No puedo mirarte sin pensar en cómo acariciarte esa carita de ángel. Despierto
62%
Mama, life had just ____, but now I've gone and thrown it all away. Mama, ooh, didn't mean to make you cry. If I'm not back again this time tomorrow carry on, carry on as if nothing really matters. Begun
52%
Now the day bleeds into ____ and you're not here to get me through it all. I let my guard down and then you pulled the rug. I was getting kinda used to being someone you loved Nightfall
38%
But you didn't have to cut me off, make out like it never ____ and that we were nothin' and I don't even need your love but you treat me like a stranger, and that feels so rough. Happened
34%
¿Y si mañana no queda más que un ángel? ¿Y si mañana tan solo somos aire? Y si mañana nos encuentran enredados, que nos dejen ____ del mundo así. Descansar
33%
No sé qué tienen las flores, llorona, las flores de un ____ santo, que cuando las mueve el viento parece que están llorando. Campo
26%
Ella se ha cansado de sentir que pertenece a todos cuando es solo de ella. Ella no quiere ser la chica perfecta (no, no, no). Ella se ha cansado y no tiene la ____ si no le interesa lo que digan de ella. Culpa
18%
I am my mother's ____ daughter, the one who runs barefoot cursing sharp stones. I am my mother's ____ daughter. I will not cut my hair, I will not lower my voice. Savage
13%
El día que yo me muera, no me corten ni una flor, traigan la plantita entera, pongan un ____ en mi honor. Jardín
8%
Yo no era tan curiosa, ahora entiendo las cosas que nunca antes imaginé así. No exagero porque tú me dejas ____ de más. Loca
8%
Darte un beso mientras se abrazan nuestros cuerpos y gritarle a la luna que se puede, que se puede ver estrellas junto a ella que ____ más que todas, hasta que ella se marchó. Brillaba
0%
No se encontraron pruebas coincidentes
Distribución de puntuación
Porcentaje de gente con cada puntuación
Porcentaje por número respondido
Historial de tus puntuaciones
No has intentado esta prueba.